Memoires sur Carnot par son fils.

Saved in:
Bibliographic Details
Main Author: Carnot, H. (Hippolyte), 1801-1888
Format: Book
Language:English
Published: Paris : Pagnerre, 1861-1863.
Subjects:
LEADER 01350nam a2200289 i 4500
001 c000130166
003 CARM
005 00000000000000.0
008 850204s1861 fr 0 eng d
019 1 |a 10227138  |5 LACONCORD2021 
035 |a (OCoLC)221182861  |5 LACONCORD2021 
082 0 4 |a 944.04092  |2 21 
100 1 |a Carnot, H.  |q (Hippolyte),  |d 1801-1888. 
245 1 0 |a Memoires sur Carnot par son fils. 
260 |a Paris :  |b Pagnerre,  |c 1861-1863. 
300 |a 2 v. in 4. [592, 640p.]. 
600 1 0 |a Carnot, Lazare,  |d 1753-1823. 
651 0 |a France  |x History  |y 1789-1815. 
852 8 |b CARM  |h A2:AF15A0  |i B01083  |p 0060324  |f BK 
852 8 |b CARM  |h A2:AF15A0  |i B01083  |p 0060326  |f BK 
852 8 |b CARM  |h A2:AF15A0  |i B01083  |p 0060328  |f BK 
852 8 |b CARM  |h A2:AF15A0  |i B01083  |p 0060330  |f BK 
999 f f |i 97ac4de1-3cfb-552b-8544-df2d6bdb2534  |s 9096cc6d-8fc7-5290-a7a7-95bff9dbeb85 
952 f f |p Can circulate  |a CAVAL  |b CAVAL  |c CAVAL  |d CARM 1 Store  |e B01083  |f A2:AF15A0  |h Other scheme  |i book  |j t.1 pt.2 held  |m 0060326 
952 f f |p Can circulate  |a CAVAL  |b CAVAL  |c CAVAL  |d CARM 1 Store  |e B01083  |f A2:AF15A0  |h Other scheme  |i book  |j t.2 held  |m 0060328 
952 f f |p Can circulate  |a CAVAL  |b CAVAL  |c CAVAL  |d CARM 1 Store  |e B01083  |f A2:AF15A0  |h Other scheme  |i book  |j t.2 pt.2 held  |m 0060330 
952 f f |p Can circulate  |a CAVAL  |b CAVAL  |c CAVAL  |d CARM 1 Store  |e B01083  |f A2:AF15A0  |h Other scheme  |i book  |j t.1 held  |m 0060324